Statistiques concernant Les Gares les plus fréquentées d'Ile-de-France

Cliquez ici pour prendre le quiz!

Statistiques générales

  • Ce quiz a été pris 488 fois
  • Le résultat moyen est 16 sur 40

Statistiques - réponses

Nombre de PassagersGare% Correct
244 951 268Gare du Nord
99%
41 240 098Gare de l'Est
92%
112 644 337Gare de Lyon
92%
61 374 035Montparnasse
87%
107 340 421Saint-Lazare
84%
21 682 820Gare d'Austerlitz
82%
32 141 497Saint-Denis
64%
17 693 555Val de Fontenay
64%
22 909 416Versailles Chantiers
61%
12 236 286Cergy Préfecture
58%
30 264 172La Défense
57%
11 258 509Évry - Courcouronnes
48%
15 787 310Melun
48%
24 479 374Aulnay-sous-Bois
43%
16 219 640Argenteuil
42%
40 222 510Juvisy
40%
11 473 614Mantes-la-Jolie
39%
14 517 022La Courneuve - Aubervilliers
37%
17 937 343Garges - Sarcelles
35%
17 495 563Noisy-le-Sec
32%
15 759 876La Plaine Stade de France
30%
16 996 318Asnières-sur-Seine
29%
27 558 327Saint-Michel Notre-Dame
29%
11 275 885Clichy - Levallois
28%
27 828 914Bibliothèque François Mitterrand
26%
17 945 579Le Bourget
25%
22 636 877
Ermont - Eaubonne
24%
12 574 385Bondy
22%
43 016 926Magenta
21%
17 889 110Villeneuve-Saint-Georges
21%
15 227 840Aéroport Charles de Gaulle 2 TGV
20%
15 533 521Houilles - Carrières-sur-Seine
20%
11 104 701Invalides
19%
11 640 712Saint-Quentin en Yvelines
19%
13 624 825Maisons-Alfort - Alfortville
18%
13 240 339Choisy-le-Roi
17%
11 625 842Sartrouville
17%
12 001 779Villiers-le-Bel - Gonesse - Arnouville
17%
47 687 285Haussmann Saint-Lazare
16%
12 886 698Épinay - Villetaneuse
12%

Distribution des résultats

Percentile par nombre de réponses

% des personnes avec chaque résultat

Votre développement - résultats

Vous n’avez pas pris ce quiz